00763nam a2200205 a 4500003000200000005001700002008004100019050003200060100001800092245007000110260009100180300004000271504004200311650003300353650003500386650003700421650003400458650003200492650003300524020250206192138.0130829s19uu xx 00 eng d aPGS BF 575.S75b.Se478 2013 aSeo, Yun Seo. aPlaying musical instrument and stress management /cSeo, Yun Seo. aLas Piñas City, Philippines :bSouthville International School and Colleges, c2013. a28 pages :billustrations ;c28 cm. aIncludes bibliographical references.  aMusic and stress management. aStress management in children. aStress (Psychology) in children. aMusicvPsychological aspects. aMusic therapy for children. aCoping behavior in children.